000 00830nam a2200229 a 4500
001 000035444
005 20200930074340.0
008 090819s1958 es 001 0 spa d
020 _a8481641545
040 _aDO-SdBNP
_bspa
_cBNPHU
082 _axxxx
_bG216h
100 1 _aCapelle, Wilhelm
_961280
240 1 0 _aDie griechische philosophie
245 1 0 _aHistoria de la filosofía Griega / :
_bWilhelm Capelle ; vesión castellana de Emilio Lledó /
_cWilhelm Capelle.
260 _aMadrid :
_bTalleres Gráficos Jura,
_c1958.
300 _a405 p. ;
_c23 cm.
490 1 _aBibliteca Hispanica de Filosofía
590 _aPerteneció a la biblioteca personal de Juan Isidro Jimenes Grullón.
500 _aBiográfía : p.569-576
700 1 _aLledó, Emilio
_dtr.
_961281
830 0 _aBibliteca Hispanica de Filosofía
_961282
999 _c34935
_d34935